000 00313nam a22001337a 4500
008 170612b xxu||||| |||| 00| 0 eng d
020 _a9780130115041
041 _aeng
080 _24TH
_a324
100 _a19
101 _aSHP
245 _aUNDERSTANDING INTERNATIONAL RELATIONS
_cLIEBER, R.J
942 _2udc
_cBK
999 _c17034
_d17034